[Event "HUN-chT U18"]
[Site "Hajduboszormeny"]
[Date "2016.11.03"]
[Round "2.37"]
[White "Kokeny, Norbert Adrian"]
[Black "Demjen, Mark"]
[Result "1-0"]
[WhiteElo "2060"]
[BlackElo "1720"]
[PlyCount "57"]
[EventDate "2016.11.02"]
[EventType "team-swiss"]
[EventRounds "8"]
[EventCountry "HUN"]
[SourceTitle "CBM 175 Extra"]
[Source "ChessBase"]
[SourceDate "2016.12.12"]
[SourceVersion "1"]
[SourceVersionDate "2016.12.12"]
[SourceQuality "1"]

1. c4 e6 2. Nc3 Bb4 3. g3 Nf6 4. Bg2 0-0 5. e4 Bxc3 6. bxc3 e5 7. Ne2 d6 8. d4 Re8 9. Qd3 Nc6 10. Bd2 Bg4 11. f3 Bh5 12. 0-0 Bg6 13. Rae1 exd4 14. cxd4 d5 15. cxd5 Nxd5 16. Qb3 Nb6 17. Bc3 Kh8 18. d5 Ne7 19. Nf4 f6 20. Ne6 Qc8 21. Qb2 Na4 22. Qa1 Nxc3 23. Qxc3 c6 24. Rc1 Bf7 25. Bh3 Bxe6 26. Bxe6 Qd8 27. Rfd1 cxd5 28. exd5 Qb6+ 29. Qc5 1-0

[Event "HUN-chT2 Maroczy 1516"]
[Site "Hungary"]
[Date "2016.02.28"]
[Round "6.6"]
[White "Kincs, Imre"]
[Black "Kokeny, Norbert Adrian"]
[Result "1-0"]
[WhiteElo "2143"]
[BlackElo "2091"]
[PlyCount "85"]
[EventDate "2015.10.18"]
[EventType "team-tourn"]
[EventRounds "9"]
[EventCountry "HUN"]
[SourceTitle "EXT 2017"]
[Source "ChessBase"]
[SourceDate "2016.10.25"]
[SourceVersion "1"]
[SourceVersionDate "2016.10.25"]
[SourceQuality "1"]
[WhiteTeam "Penzugyor"]
[BlackTeam "Dunaharaszti II"]
[WhiteTeamCountry "HUN"]
[BlackTeamCountry "HUN"]

1. d4 Nf6 2. Nf3 e6 3. g3 b5 4. a4 b4 5. Bg2 Bb7 6. 0-0 c5 7. a5 a6 8. Nbd2 d5 9. dxc5 Nbd7 10. Nb3 Nxc5 11. Nbd4 Nfe4 12. Ne5 Qf6 13. Ng4 Qg6 14. f3 Bd6 15. Bf4 Rd8 16. Bxd6 Nxd6 17. Qd2 h5 18. Ne5 Qf6 19. f4 h4 20. g4 h3 21. Bh1 g5 22. e3 gxf4 23. exf4 Nc4 24. Qxb4 Nxe5 25. fxe5 Qg5 26. Qxc5 Qxg4+ 27. Kf2 Qf4+ 28. Bf3 Qxh2+ 29. Ke3 Qxe5+ 30. Kd3 Rh4 31. Rae1 Re4 32. Qb4 Qg3 33. Qxb7 Rxd4+ 34. Kxd4 Qf4+ 35. Kd3 Qc4+ 36. Kd2 Rc8 37. c3 Qf4+ 38. Kc2 Rc7 39. Qb6 Qa4+ 40. Kb1 Rc6 41. Qb8+ Ke7 42. Bxd5 Rd6 43. Rxf7+ 1-0

[Event "Budapest Karacsonyi 7th"]
[Site "Budapest"]
[Date "2015.12.29"]
[Round "5"]
[White "Yip, Michael"]
[Black "Kokeny, Norbert Adrian"]
[Result "0-1"]
[WhiteElo "1937"]
[BlackElo "2132"]
[PlyCount "122"]
[EventDate "2015.12.27"]
[EventType "swiss"]
[EventRounds "7"]
[EventCountry "HUN"]
[SourceTitle "CBM 170 Extra"]
[Source "ChessBase"]
[SourceDate "2016.02.25"]
[SourceVersion "1"]
[SourceVersionDate "2016.02.25"]
[SourceQuality "1"]

1. d4 Nf6 2. c4 e6 3. Nc3 Bb4 4. e3 c5 5. Bd3 b6 6. Nf3 Bb7 7. 0-0 Bxc3 8. bxc3 d6 9. Nd2 Nc6 10. Bb2 Qc7 11. Ne4 Nxe4 12. Bxe4 Na5 13. Bd3 Ba6 14. f4 g6 15. f5 exf5 16. e4 fxe4 17. Bxe4 Bb7 18. Qf3 0-0-0 19. Bxb7+ Qxb7 20. Qxb7+ Nxb7 21. Rxf7 Rd7 22. Raf1 Rhd8 23. Bc1 Na5 24. R7f4 Kb7 25. Re4 Nxc4 26. dxc5 d5 27. c6+ Kxc6 28. Re6+ Rd6 29. Re7 R8d7 30. Re8 Kb5 31. Bh6 d4 32. cxd4 Rxd4 33. Re2 Rd1 34. Rxd1 Rxd1+ 35. Kf2 a5 36. Re7 Ra1 37. Rxh7 Rxa2+ 38. Kf3 Ka4 39. h4 b5 40. g4 b4 41. h5 b3 42. Bg7 gxh5 43. gxh5 b2 44. Bxb2 Rxb2 45. h6 Rh2 46. Kg3 Rh1 47. Rc7 Rxh6 48. Rxc4+ Kb3 49. Rc8 Rf6 50. Rb8+ Ka3 51. Kg2 a4 52. Rb7 Ka2 53. Rb8 a3 54. Rb7 Ka1 55. Ra7 a2 56. Rb7 Rc6 57. Kf2 Rc1 58. Kg2 Rb1 59. Rf7 Kb2 60. Rf2+ Kb3 61. Rf3+ Kc4 0-1

[Event "Budapest Karacsonyi 7th"]
[Site "Budapest"]
[Date "2015.12.28"]
[Round "3"]
[White "Balogh, Lajos"]
[Black "Kokeny, Norbert Adrian"]
[Result "0-1"]
[WhiteElo "1995"]
[BlackElo "2132"]
[PlyCount "108"]
[EventDate "2015.12.27"]
[EventType "swiss"]
[EventRounds "7"]
[EventCountry "HUN"]
[SourceTitle "CBM 170 Extra"]
[Source "ChessBase"]
[SourceDate "2016.02.25"]
[SourceVersion "1"]
[SourceVersionDate "2016.02.25"]
[SourceQuality "1"]

1. Nf3 c5 2. e4 e6 3. d4 cxd4 4. Nxd4 a6 5. Nc3 b5 6. Be3 Bb7 7. Bd3 Nf6 8. f3 d6 9. 0-0 Nbd7 10. a4 b4 11. Nce2 d5 12. exd5 Nxd5 13. Bf2 Bd6 14. Qd2 Qc7 15. g3 h5 16. Be4 N7f6 17. Rfd1 h4 18. c4 bxc3 19. bxc3 hxg3 20. hxg3 Nxe4 21. fxe4 Nf6 22. Nxe6 fxe6 23. Qxd6 Qxd6 24. Rxd6 Bxe4 25. Rxe6+ Kf7 26. Rxe4 Nxe4 27. Bd4 Rab8 28. Rf1+ Nf6 29. Kg2 Rb2 30. Kf3 Re8 31. Nf4 Ra2 32. Rb1 Rxa4 33. Nd3 Ra2 34. Rb7+ Kg8 35. g4 Ra8 36. Nf4 a5 37. Ne6 Ne8 38. Nxg7 Nxg7 39. Rxg7+ Kf8 40. Rh7 Ra6 41. g5 a4 42. Kg4 Rg2+ 43. Kf5 Ra5+ 44. Be5 Re2 45. Rh8+ Ke7 46. Rh7+ Ke8 47. Rh8+ Kd7 48. Rh7+ Kc6 49. Rh6+ Kd5 50. Rd6+ Kc4 51. Re6 a3 52. g6 a2 53. g7 Rg2 54. Rc6+ Kb3 0-1

[Event "Budapest Karacsonyi 7th"]
[Site "Budapest"]
[Date "2015.12.28"]
[Round "2"]
[White "Kokeny, Norbert Adrian"]
[Black "Bartuszek, Andras"]
[Result "1-0"]
[WhiteElo "2132"]
[BlackElo "1883"]
[PlyCount "81"]
[EventDate "2015.12.27"]
[EventType "swiss"]
[EventRounds "7"]
[EventCountry "HUN"]
[SourceTitle "CBM 170 Extra"]
[Source "ChessBase"]
[SourceDate "2016.02.25"]
[SourceVersion "1"]
[SourceVersionDate "2016.02.25"]
[SourceQuality "1"]

1. d4 Nf6 2. Bg5 e6 3. e4 Be7 4. Bd3 d6 5. Nd2 Nfd7 6. Be3 e5 7. c3 Bg5 8. Nc4 b5 9. Bxg5 Qxg5 10. Ne3 c6 11. a4 bxa4 12. Nf3 Qf6 13. Rxa4 0-0 14. Ra5 Re8 15. 0-0 Nb6 16. b4 h5 17. dxe5 dxe5 18. Qa1 h4 19. Be2 h3 20. g3 a6 21. c4 N6d7 22. c5 Nf8 23. Nd2 Ne6 24. Nf5 Nf4 25. gxf4 Bxf5 26. exf5 Qxf5 27. Ra3 exf4 28. Bf3 Nd7 29. Nc4 Ne5 30. Nxe5 Rxe5 31. Rxa6 Rae8 32. Ra8 Qg6+ 33. Kh1 Qd3 34. Rxe8+ Rxe8 35. Qd1 Qb5 36. Rg1 Qxb4 37. Qd7 Re6 38. Bxc6 Qe1 39. Qd8+ Kh7 40. Qd3+ g6 41. Qxh3+ 1-0